000 00373pab a2200133 454500
008 180718b1987 xxu||||| |||| 00| 0 eng d
100 _aCrenson, Mathew A.
245 _aThe private stake in public goods
_bOvercoming the illogic of collective action
260 _c1987
300 _a259-76
650 _aPublic Goods - U.S.A.
773 _aPolicy Sciences
909 _a16645
999 _c16645
_d16645